000 00292pab a2200121 454500
008 180718b xxu||||| |||| 00| 0 eng d
100 _aMadhusudan, G.R.
245 _aDithering trade union movement
650 _a Trade Unions
650 _aLabour
773 _aFinancial Express
909 _a22679
999 _c22679
_d22679